Fundamentals of molecular evolution

This book describes the dynamics of evolutionary change at the molecular level, the driving forces behind the evolutionary process, the effects of the various molecular mechanisms on the structure of genes, proteins, and genomes, the methodology involved in dealing with molecular data from an evolut...

Descripción completa

Guardado en:
Detalles Bibliográficos
Autor principal: Graur, Dan
Formato: Libro
Lenguaje:Undetermined
Publicado: Sunderland Sinauer Associates 2000
Materias:
Etiquetas: Agregar Etiqueta
Sin Etiquetas, Sea el primero en etiquetar este registro!
Thư viện lưu trữ: Trung tâm Học liệu Trường Đại học Cần Thơ
LEADER 00842nam a2200193Ia 4500
001 CTU_192205
008 210402s9999 xx 000 0 und d
082 |a 572.838 
082 |b G774 
100 |a Graur, Dan 
245 0 |a Fundamentals of molecular evolution 
245 0 |c Dan Graur, Wen-Hsiung Li. 
260 |a Sunderland 
260 |b Sinauer Associates 
260 |c 2000 
520 |a This book describes the dynamics of evolutionary change at the molecular level, the driving forces behind the evolutionary process, the effects of the various molecular mechanisms on the structure of genes, proteins, and genomes, the methodology involved in dealing with molecular data from an evolutionary 
650 |a Molecular biology,Sinh học phân tử 
904 |i Tuyến 
980 |a Trung tâm Học liệu Trường Đại học Cần Thơ